000 00686cam a2200253 4500
008 090401t1996 xxu||||| |||| 00| 0 eng d
020 _a0851423663
035 _a(Sirsi) u71961
041 _aeng
050 _a025.1
100 _aBlack, Kirsten
245 _aProject management for library and information service professionals.
260 _aLondon
_bASLIB
_c1996
300 _a55p. ; 24cm.
350 _a10
490 _aAslib Know How Guide
650 _aLIBRARIANS
650 _aLIBRARIES
650 _aMANAGEMENT-PROJECT MANAGEMENT
690 _aMANAGEMENT-BUSINESS MANAGEMENT-PROFESSIONAL PRACTICE
710 _aAslib
_9760
942 _n0
948 _c04/03/1997
999 _c95468
_d95468